000 01123nam a22002537a 4500
005 20170124102945.0
010 _aA-611177
020 _c30.00
035 _aA-611177
037 _bCen Lib/Ret
040 _aDPL
_bHN
082 _a821.08
_bभट्टटी
100 _aभट्ट, टी.आर.
_973
245 _aकवि-मनीषी :
_cटी.आर.भट्ट
_bविनायक कृष्ण गोकाक /
246 _aKavi-maneeshi : Vinayak Krishn Gokaak /
_bby T.R.Bhatt
260 _aनई दिल्ली
_bभारतीय ज्ञानपीठ
_c1991
270 _bनई दिल्ली
_a18, इंस्टीटयूशनल एरिया, लोदी रोड
_e110003
300 _axiii,83पृ.
_c20सेमी (सजिल्द)
650 _aहिन्दी -- साहित्य
_949641
650 _aहिन्दी -- गोकाक के साहित्य
_949642
650 _aHindi -- literature
_949643
650 _aHindi - Gokak's literature
_949644
942 _2ddc
_cHN
_h821.08
_mभट्टटी
999 _c112895
_d112895